| 000 | 00711cam a2200217 i 4500 | ||
|---|---|---|---|
| 999 |
_c7763 _d7763 |
||
| 003 | OSt | ||
| 005 | 20200520135814.0 | ||
| 008 | 140909s2015 nyua b 001 0 eng | ||
| 020 | _a9780415817776 | ||
| 042 | _apcc | ||
| 082 | 0 | 0 |
_a720.47PAS _223 |
| 100 | 1 | _aPasse, Ulrike. | |
| 245 | 1 | 0 |
_aDesigning spaces for natural ventilation : _ban architect's guide / _cUlrike Passe and Francine Battaglia. |
| 300 |
_axxxii, 341 pages : _billustrations (some color) ; _c26 cm. |
||
| 504 | _aIncludes bibliographical references (pages 312-324) and index. | ||
| 650 | 0 | _aNatural ventilation. | |
| 650 | 0 | _aWinds and architecture. | |
| 650 | 0 | _aArchitecture and climate. | |
| 700 | 1 | _aBattaglia, Francine. | |
| 942 | _2ddc | ||